00403 a2200121 4500100002600000245007200026300003500098650001700133773005500150942000700205952005200212999001700264 aFUGU, Mohammed924108 aFocused Postpartum Care: Women embrace family planning in Sagnarigu aSaturday June 3, 2023 Page 22. aHealth921980 x0855-1529tDaily GraphicdAccra Daily Graphic 2023 cPR 001040718PRaPLbPLcTFWWd2023-07-10t1yPR c45157d45157